| 000 | 00652nam a2200193 a 4500 | ||
|---|---|---|---|
| 005 | 20220630134623.0 | ||
| 008 | 010723s1994 r 000 0 eng d | ||
| 020 | _a0801657296 | ||
| 035 | _aUPN01000109950 | ||
| 049 | _aCG | ||
| 050 | 4 |
_aGV361 _bW8.2 |
|
| 100 | 1 | _aWuest, Deborah A. | |
| 245 | 1 | 0 |
_aCurriculum and instruction : _bthe secondary school physical education experience / _cDeborah A. Wuest, Bennett J. Lombardo. |
| 260 |
_aSt. Louis, Missouri, E.U.A. : _bMosby, _cc1994. |
||
| 300 |
_a414 p. : _bil. |
||
| 650 | 4 |
_aEducación física _xEstudio y enseñanza (Secundaria) _917130 |
|
| 700 | 1 |
_aLombardo, Bennett J., _ecoaut. |
|
| 905 | _aLibro | ||
| 999 |
_c83859 _d83859 |
||